Normal view MARC view

Entry Personal Name

Number of records used in: 1

001 - CONTROL NUMBER

  • control field: 51378

003 - CONTROL NUMBER IDENTIFIER

  • control field: dpl

005 - DATE AND TIME OF LATEST TRANSACTION

  • control field: 20120823100923.0

008 - FIXED-LENGTH DATA ELEMENTS

  • fixed length control field: 120823|||a|||||| | ||| d

040 ## - CATALOGING SOURCE

  • Original cataloging agency: dpl
  • Transcribing agency: dpl

100 ## - HEADING--PERSONAL NAME

  • Personal name: Goswamy, B.N.

670 ## - SOURCE DATA FOUND

  • Source citation: Work cat.: (dpl)69105: Goswamy, B.N., Indian paintings in the sarabhai foundation/, 2010

670 ## - SOURCE DATA FOUND

  • Source citation: Work cat.: (dpl)69105: Goswamy, B.N., Indian paintings in the sarabhai foundation/, 2010

© Delhi Public Library
Hit Counter
free hit counter